The effect of naturalization on wage growth (Registro nro. 33409)

Detalles MARC
000 -LEADER
fixed length control field 00404 a2200133 4500
001 - CONTROL NUMBER
control field ART_43490
005 - DATE AND TIME OF LATEST TRANSACTION
control field 20260410162024.0
008 - FIXED-LENGTH DATA ELEMENTS--GENERAL INFORMATION
fixed length control field 260409a
100 1# - MAIN ENTRY--PERSONAL NAME
Personal name Bratsberg, Bernt
245 10 - TITLE STATEMENT
Title The effect of naturalization on wage growth
700 1# - ADDED ENTRY--PERSONAL NAME
Personal name Ragan, James F., Jr.
700 1# - ADDED ENTRY--PERSONAL NAME
Personal name Nasir, Zafar M.
773 0# - HOST ITEM ENTRY
Title Journal of labor economics
Related parts - Vol. 20, Nº 3 (jul. 2002)
Record control number REV43438

No hay ítems disponibles.